[Event "DEM U12 2016"]
[Site "Willingen GER"]
[Date "2016.05.18"]
[Round "7"]
[White "Simukov, Erik"]
[Black "Breß, Aaron"]
[Result "0-1"]
[Termination "normal"]
[Board "24"]
[WhiteElo "1518"]
[BlackElo "1650"]
[PlyCount "104"]
[WhiteFideId "12995380"]
[BlackFideId "12996432"]
[EventCountry "GER"]
[EventRounds "11"]
[EventType "swiss"]
[EventDate "2016.05.14"]

1. e4 c5 2. Nc3 e6 3. Bc4 a6 4. a3 Qc7 5. Nge2 Nf6 6. d3 Be7 7. O-O O-O 8. f4
b5 9. Ba2 d6 10. Ng3 Nbd7 11. Qe1 Rb8 12. Qe2 a5 13. a4 bxa4 14. Nxa4 Nb6 15.
Nc3 Bd7 16. Bd2 Rb7 17. Nd1 Ra8 18. Ne3 a4 19. f5 a3 20. bxa3 Rxa3 21. fxe6
Rba7 22. exd7 Rxa2 23. Rxa2 Rxa2 24. Ngf5 Qxd7 25. Qf3 Kh8 26. Qg3 Bf8 27. Qh4
Qe6 28. Rf3 Nbd7 29. Rh3 g6 30. Bc3 Ne5 31. Nd5 Nh5 32. Nf4 Qf6 33. Qxf6+ Nxf6
34. Ne3 Bg7 35. Bxe5 dxe5 36. Ne2 Kg8 37. Nc3 Rb2 38. Na4 Rb5 39. c4 Ra5 40.
Nc3 Ra3 41. Ned5 Nxd5 42. Nxd5 Kf8 43. Rf3 h5 44. Kf2 Ra2+ 45. Kg3 Bh6 46. Nf6
Bf4+ 47. Kh3 Kg7 48. Nd7 g5 49. Rf1 g4+ 50. Kh4 Kh6 51. Rh1 Rxg2 52. Nxc5 Bg5#
0-1

[Event "DEM U12 2016"]
[Site "Willingen GER"]
[Date "2016.05.18"]
[Round "7"]
[White "Kostanyan, Hakob"]
[Black "Riemann, Jonas"]
[Result "1-0"]
[Termination "normal"]
[Board "25"]
[WhiteElo "1604"]
[BlackElo "1408"]
[PlyCount "101"]
[WhiteFideId "12977683"]
[BlackFideId "12977462"]
[EventCountry "GER"]
[EventRounds "11"]
[EventType "swiss"]
[EventDate "2016.05.14"]

1. e4 e6 2. d4 d5 3. Nd2 Nf6 4. e5 Nfd7 5. c3 c5 6. Bd3 Nc6 7. Ne2 cxd4 8. cxd4
f6 9. exf6 Nxf6 10. Nf3 Qc7 11. O-O Bd6 12. Bg5 O-O 13. Rc1 Bd7 14. Bb1 Be8 15.
a3 Rc8 16. Re1 Qd7 17. Ng3 Ne7 18. Rxc8 Qxc8 19. Qe2 Bf7 20. Ne5 h6 21. Bxf6
gxf6 22. Qg4+ Kh8 23. Nxf7+ Rxf7 24. Qxe6 Qxe6 25. Rxe6 Bc7 26. Re2 Bb6 27. Rd2
Kg8 28. h3 Kf8 29. Kh2 Ke8 30. h4 Kd7 31. Nf5 Nxf5 32. Bxf5+ Kd6 33. Kg3 Rc7
34. Kg4 Rc4 35. Kh5 Bxd4 36. Kxh6 Be5 37. g3 Rc7 38. h5 d4 39. f4 Ke7 40. fxe5
fxe5 41. Kg7 Rc1 42. h6 Rg1 43. g4 Kd6 44. h7 Rc1 45. h8=Q Rc7+ 46. Kg6 Kd5 47.
Qd8+ Kc6 48. Rc2+ Kb5 49. Qxc7 a5 50. Bd3+ Ka4 51. Qc4# 1-0

[Event "DEM U12 2016"]
[Site "Willingen GER"]
[Date "2016.05.18"]
[Round "7"]
[White "Jakob, Georg"]
[Black "Karl, Simon"]
[Result "0-1"]
[Termination "normal"]
[Board "26"]
[WhiteElo "1533"]
[BlackElo "1451"]
[PlyCount "58"]
[WhiteFideId "16224221"]
[BlackFideId "16217985"]
[EventCountry "GER"]
[EventRounds "11"]
[EventType "swiss"]
[EventDate "2016.05.14"]

1. d4 Nf6 2. Nf3 g6 3. Nc3 Bg7 4. e4 O-O 5. Be3 d6 6. Qd2 Nbd7 7. h4 e5 8. d5
Nb6 9. Be2 Ne8 10. h5 Bg4 11. hxg6 fxg6 12. Bh6 Nf6 13. Bxg7 Kxg7 14. Qh6+ Kg8
15. Ng5 Bxe2 16. Nxe2 Qe7 17. f3 Rfd8 18. O-O-O Rd7 19. g4 Rc8 20. Ng3 c6 21.
dxc6 Rxc6 22. Nh3 Rdc7 23. Rd2 Nc4 24. Re2 d5 25. g5 Nxb2 26. Kxb2 Rb6+ 27. Kc1
Qa3+ 28. Kd1 Rb1+ 29. Kd2 Qc3# 0-1

[Event "DEM U12 2016"]
[Site "Willingen GER"]
[Date "2016.05.18"]
[Round "7"]
[White "Stahnecker, Hagen"]
[Black "Maas, Kolja"]
[Result "1/2-1/2"]
[Termination "normal"]
[Board "27"]
[WhiteElo "1316"]
[BlackElo "1432"]
[PlyCount "144"]
[WhiteFideId "16225422"]
[BlackFideId "16220420"]
[EventCountry "GER"]
[EventRounds "11"]
[EventType "swiss"]
[EventDate "2016.05.14"]

1. e4 e5 2. Nf3 Nf6 3. Nxe5 d6 4. Nf3 Nxe4 5. d4 d5 6. Bd3 Nc6 7. O-O Be7 8. c4
O-O 9. Re1 Bb4 10. Bd2 Nxd2 11. Nbxd2 dxc4 12. Bxc4 Nxd4 13. Re4 Nxf3+ 14. Nxf3
Qxd1+ 15. Rxd1 Bd6 16. Rde1 Bf5 17. Rh4 Rae8 18. Rd1 Be6 19. Bd3 h6 20. b3 Rd8
21. Bc2 Be7 22. Rhd4 Rxd4 23. Nxd4 c6 24. Nxe6 fxe6 25. Rd7 Bc5 26. Rd2 b5 27.
Be4 Bb4 28. Rd7 a6 29. g3 Rc8 30. Ra7 a5 31. Ra6 c5 32. Rxe6 c4 33. bxc4 bxc4
34. Bd5 Kf8 35. Rc6 Rxc6 36. Bxc6 c3 37. Be4 Ke7 38. Kf1 Kd6 39. Ke2 Ke5 40.
Ke3 Bc5+ 41. Kf3 Kd4 42. Bc2 Kc4 43. Ke2 Kb4 44. a4 Ka3 45. f3 Bd4 46. Kd3 Kb2
47. h3 Bf2 48. g4 g5 49. Bd1 Ba7 50. Bc2 Bd4 51. Bd1 Bf6 52. Bc2 Ka3 53. Kc4
Be5 54. Bd1 Kb2 55. Kd3 Kc1 56. Bc2 Kb2 57. Bd1 Ka2 58. Bc2 Ka3 59. Kc4 Kb2 60.
Kd3 Bf4 61. Bd1 Bd2 62. Bc2 Kc1 63. Bb3 Kb1 64. Bd1 Kc1 65. Bb3 Bf4 66. Bc2 Kb2
67. Bd1 Bd6 68. Bc2 Bb4 69. Bd1 Kc1 70. Bc2 Kb2 71. Bd1 Bd6 72. Bc2 Bb4 1/2-1/2

[Event "DEM U12 2016"]
[Site "Willingen GER"]
[Date "2016.05.18"]
[Round "7"]
[White "Kanzow, Alexander"]
[Black "Ewerhardy, Moritz"]
[Result "1/2-1/2"]
[Termination "normal"]
[Board "28"]
[WhiteElo "1421"]
[BlackElo "1382"]
[PlyCount "68"]
[WhiteFideId "16225414"]
[BlackFideId "36052086"]
[EventCountry "GER"]
[EventRounds "11"]
[EventType "swiss"]
[EventDate "2016.05.14"]

1. e4 c5 2. Nf3 d6 3. d4 cxd4 4. Nxd4 Nf6 5. Nc3 g6 6. Bc4 Bg7 7. Be3 O-O 8. f3
Nc6 9. Qd2 Bd7 10. O-O-O Rc8 11. Bb3 Ne5 12. g4 Qa5 13. Kb1 h5 14. g5 Nh7 15.
Nd5 Qd8 16. h4 Re8 17. Bf4 Nc6 18. Nxc6 bxc6 19. Nc3 Nf8 20. Be3 Ne6 21. Ne2 c5
22. Bc4 Qb6 23. c3 Bb5 24. Bxe6 fxe6 25. Nf4 Kf7 26. Qc2 Rg8 27. Rd2 Qa6 28.
Rhd1 Bc4 29. b3 Rb8 30. Kb2 Qc6 31. Kc1 Bb5 32. c4 Ba6 33. Rd3 Bc8 34. Bd2 Bd7
1/2-1/2

[Event "DEM U12 2016"]
[Site "Willingen GER"]
[Date "2016.05.18"]
[Round "7"]
[White "Jeschke, Jan"]
[Black "Krause, Marc"]
[Result "0-1"]
[Termination "normal"]
[Board "29"]
[WhiteElo "1167"]
[BlackElo "1535"]
[PlyCount "72"]
[WhiteFideId "16225430"]
[BlackFideId "12985724"]
[EventCountry "GER"]
[EventRounds "11"]
[EventType "swiss"]
[EventDate "2016.05.14"]

1. e4 c5 2. Nf3 d6 3. d4 cxd4 4. Nxd4 g6 5. Nc3 Bg7 6. Be3 Nf6 7. f3 O-O 8. Qd2
Nc6 9. Bc4 a6 10. O-O-O Nxd4 11. Bxd4 b5 12. Bb3 Bb7 13. a3 Rc8 14. g4 Nd7 15.
Bxg7 Kxg7 16. h4 Ne5 17. Qg2 h6 18. f4 Nc4 19. Bxc4 Rxc4 20. f5 Qb6 21. Rdf1
Qe3+ 22. Kb1 Bxe4 23. Nxe4 Qxe4 24. Qxe4 Rxe4 25. Rhg1 g5 26. hxg5 hxg5 27. Rf3
Rh8 28. b3 Rh2 29. Kb2 Ree2 30. Rc3 Reg2 31. Re1 Kf6 32. Re4 Rh4 33. a4 Rgxg4
34. Rxg4 Rxg4 35. axb5 axb5 36. Rc7 Rf4 0-1

[Event "DEM U12 2016"]
[Site "Willingen GER"]
[Date "2016.05.18"]
[Round "7"]
[White "Zwecker, Hagen"]
[Black "Yüksel, Baran"]
[Result "0-1"]
[Termination "normal"]
[Board "30"]
[WhiteElo "1325"]
[BlackElo "1351"]
[PlyCount "126"]
[WhiteFideId "12991007"]
[BlackFideId "12998710"]
[EventCountry "GER"]
[EventRounds "11"]
[EventType "swiss"]
[EventDate "2016.05.14"]

1. e4 c5 2. Nf3 e6 3. Nc3 a6 4. d4 cxd4 5. Nxd4 Qc7 6. Bd3 Nc6 7. Nf3 Nf6 8.
Bg5 Be7 9. O-O h6 10. Bh4 b5 11. Re1 O-O 12. e5 Ne8 13. Bxe7 Nxe7 14. h3 Nc6
15. Ne4 Nxe5 16. Nxe5 Qxe5 17. Qf3 Qb8 18. Qh5 f5 19. Nc3 Nf6 20. Qg6 Bb7 21.
Re3 Qe8 22. Qxe8 Raxe8 23. a4 b4 24. Na2 Nd5 25. Ree1 a5 26. Rad1 Nf4 27. Bb5
Nxg2 28. Bxd7 Nxe1 29. Rxe1 Rd8 30. Bxe6+ Kh7 31. c3 bxc3 32. Nxc3 g6 33. Nb5
Bd5 34. Nc7 Be4 35. Bb3 Rd3 36. Bc2 Rxh3 37. Bxe4 fxe4 38. Rxe4 Rf7 39. Nd5
Rhf3 40. Re2 Rb3 41. Nc3 Rfb7 42. Nb5 Rb4 43. Nd6 Rd7 44. Nc8 Rxa4 45. Nb6 Ra1+
46. Kg2 Rb7 47. Nc4 Ra2 48. Kg3 Rb4 49. Nd6 Rbxb2 50. Re7+ Kg8 51. Kg4 Rxf2 52.
Re6 Rg2+ 53. Kh3 g5 54. Nf5 Kf7 55. Ra6 g4+ 56. Kh4 Rg1 57. Nxh6+ Kg7 58. Nxg4
Ra4 59. Kh5 Rgxg4 60. Rg6+ Kf7 61. Rh6 Rh4+ 62. Kg5 Rxh6 63. Kf5 Rh5# 0-1

[Event "DEM U12 2016"]
[Site "Willingen GER"]
[Date "2016.05.21"]
[Round "11"]
[White "Trifan, Andrei Ioan"]
[Black "Nguyen, Alex Dac-Vuong"]
[Result "1-0"]
[Termination "normal"]
[Board "2"]
[WhiteElo "2099"]
[BlackElo "1899"]
[WhiteClock "00:08:55"]
[BlackClock "00:25:08"]
[PlyCount "81"]
[WhiteFideId "12967068"]
[BlackFideId "12984388"]
[EventCountry "GER"]
[EventRounds "11"]
[EventType "swiss"]
[EventDate "2016.05.14"]

1. e4 e6 2. d4 d5 3. exd5 exd5 4. Nf3 Bd6 5. h3 h6 6. c4 Nf6 7. Bd3 O-O 8. O-O
dxc4 9. Bxc4 Nbd7 10. Nc3 Nb6 11. Bb3 c6 12. Ne5 Nbd5 13. Qf3 Be6 14. Bd2 Re8
15. Rae1 Qc7 16. Qg3 Kh8 17. Qh4 Bf8 18. Bc2 c5 19. Ba4 Rec8 20. Nxd5 Nxd5 21.
Ng6+ fxg6 22. Rxe6 Nb6 23. Bb3 Qd8 24. Qxd8 Rxd8 25. Rxg6 cxd4 26. f4 Nd5 27.
f5 Ne3 28. Rf3 Rd6 29. Be6 Rb6 30. b3 Kh7 31. Rfg3 Re8 32. Kf2 Re7 33. Bxe3
dxe3+ 34. Kxe3 Rc7 35. Bc4 Bc5+ 36. Ke2 Re7+ 37. Re6 Rd7 38. Bd3 Bd4 39. f6+
Kg8 40. Bc4 Kf8 41. fxg7+ 1-0

[Event "DEM U12 2016"]
[Site "Willingen GER"]
[Date "2016.05.21"]
[Round "11"]
[White "Dobrikov, Marco"]
[Black "Bethke, Richard"]
[Result "1-0"]
[Termination "normal"]
[Board "3"]
[WhiteElo "1943"]
[BlackElo "1844"]
[WhiteClock "00:33:38"]
[BlackClock "00:34:08"]
[PlyCount "115"]
[WhiteFideId "12950378"]
[BlackFideId "12959243"]
[EventCountry "GER"]
[EventRounds "11"]
[EventType "swiss"]
[EventDate "2016.05.14"]

1. e4 c5 2. Nf3 d6 3. d4 cxd4 4. Nxd4 Nf6 5. f3 a6 6. c4 e5 7. Nc2 Be6 8. Nc3
Be7 9. Be3 Nbd7 10. Nb4 O-O 11. Qd2 Re8 12. Nbd5 Rc8 13. O-O-O Bf8 14. Kb1 Nc5
15. Be2 Nfd7 16. b4 Bxd5 17. exd5 Qb6 18. Qb2 Na4 19. Bxb6 Nxb2 20. Kxb2 Nxb6
21. Kb3 Rc7 22. Na4 Nxa4 23. Kxa4 e4 24. fxe4 Rxe4 25. Bd3 Re5 26. Kb3 g6 27.
Rhe1 Rce7 28. Rxe5 Rxe5 29. Rd2 Re3 30. Kc2 Re8 31. a4 f5 32. Kd1 Bg7 33. Rc2
Re3 34. Kd2 Bh6 35. Kc3 Re1 36. c5 dxc5 37. bxc5 Re8 38. d6 Rd8 39. Kd4 Kf7 40.
Bc4+ Kf8 41. Bd5 Bg7+ 42. Kc4 Be5 43. Bxb7 Bxh2 44. Kd5 Bf4 45. Bxa6 h5 46. Bb5
h4 47. a5 Kf7 48. a6 g5 49. a7 g4 50. Bc6 h3 51. gxh3 gxh3 52. a8=Q h2 53. Kc4
Rxa8 54. Bxa8 Ke6 55. Re2+ Be5 56. d7 Kxd7 57. Rxe5 f4 58. Bf3 1-0

[Event "DEM U12 2016"]
[Site "Willingen GER"]
[Date "2016.05.21"]
[Round "11"]
[White "Post, Hugo"]
[Black "Englert, Jon"]
[Result "1-0"]
[Termination "normal"]
[Board "4"]
[WhiteElo "1869"]
[BlackElo "1663"]
[WhiteClock "00:08:35"]
[BlackClock "00:05:50"]
[PlyCount "143"]
[WhiteFideId "12962490"]
[BlackFideId "12992275"]
[EventCountry "GER"]
[EventRounds "11"]
[EventType "swiss"]
[EventDate "2016.05.14"]

1. e4 c5 2. Nf3 d6 3. d4 cxd4 4. Nxd4 Nf6 5. Nc3 g6 6. Be3 Bg7 7. f3 Nc6 8. Qd2
Bd7 9. g4 Ne5 10. h4 h5 11. gxh5 Rxh5 12. O-O-O Rc8 13. Kb1 Nc4 14. Bxc4 Rxc4
15. Rhg1 Rxh4 16. Qd3 Rc8 17. Nf5 Rh7 18. Nxg7+ Rxg7 19. Bd4 Bc6 20. f4 Rg8 21.
Qe3 Qc7 22. f5 gxf5 23. Rxg8+ Nxg8 24. Qg5 Nf6 25. Bxf6 exf6 26. Qxf6 Qe7 27.
Qxf5 Qe6 28. Qf4 Ke7 29. a3 Rg8 30. Re1 Rg4 31. Qe3 a6 32. Qb6 Kd7 33. Rd1 Rg8
34. Nd5 Rc8 35. Qb4 Bxd5 36. Rxd5 Rc7 37. Qd4 Ke7 38. e5 Rc6 39. c4 f6 40. Qa7
fxe5 41. Qxb7+ Qd7 42. Qb3 Rc5 43. Rd1 Qg4 44. Qb7+ Ke6 45. Rf1 Qg6+ 46. Ka2 a5
47. Qa7 e4 48. Rh1 Rh5 49. Rg1 Rg5 50. Rh1 Rh5 51. Rd1 Qf6 52. Qc7 Qe7 53. Qc8+
Qd7 54. Qg8+ Kf6 55. Rf1+ Rf5 56. Qh8+ Kf7 57. Qh7+ Kf6 58. Qxd7 Rxf1 59. Qxd6+
Kg5 60. Qe5+ Kg4 61. Qxe4+ Rf4 62. Qxf4+ Kxf4 63. b4 axb4 64. axb4 Ke5 65. Ka3
Kd6 66. Ka4 Kc6 67. c5 Kb7 68. Kb5 Kc7 69. c6 Kc8 70. Kb6 Kb8 71. c7+ Kc8 72.
b5 1-0

[Event "DEM U12 2016"]
[Site "Willingen GER"]
[Date "2016.05.21"]
[Round "11"]
[White "Kölle, Tobias"]
[Black "Kotyk, Michael"]
[Result "1-0"]
[Termination "normal"]
[Board "5"]
[WhiteElo "1714"]
[BlackElo "1818"]
[WhiteClock "00:44:23"]
[BlackClock "00:26:11"]
[PlyCount "53"]
[WhiteFideId "16207378"]
[BlackFideId "16214501"]
[EventCountry "GER"]
[EventRounds "11"]
[EventType "swiss"]
[EventDate "2016.05.14"]

1. d4 d5 2. c4 e5 3. dxe5 d4 4. Nf3 Nc6 5. g3 Bg4 6. Bg2 Qd7 7. O-O O-O-O 8.
Nbd2 f6 9. exf6 Nxf6 10. Qb3 Bh3 11. Ne5 Qe6 12. Nxc6 Bxg2 13. Nxa7+ Kb8 14.
Kxg2 Kxa7 15. Nf3 h5 16. Bf4 Kb8 17. h4 Be7 18. Ng5 Qg8 19. a4 Nd7 20. a5 Rh6
21. Qb5 Rc6 22. Rfc1 Rc5 23. Qb3 Bxg5 24. Bxg5 Re8 25. a6 Nb6 26. Bf4 Qf7 27.
Qxb6 1-0

[Event "DEM U12 2016"]
[Site "Willingen GER"]
[Date "2016.05.21"]
[Round "11"]
[White "Astner, Sebastian"]
[Black "Pubantz, Jan"]
[Result "1-0"]
[Termination "normal"]
[Board "6"]
[WhiteElo "1712"]
[BlackElo "1551"]
[WhiteClock "00:28:23"]
[BlackClock "00:02:11"]
[PlyCount "87"]
[WhiteFideId "12979422"]
[BlackFideId "12996114"]
[EventCountry "GER"]
[EventRounds "11"]
[EventType "swiss"]
[EventDate "2016.05.14"]

1. e4 g6 2. d4 Bg7 3. Nc3 d6 4. g3 b6 5. Bg2 Bb7 6. Nge2 Nd7 7. O-O c5 8. Be3
e6 9. Nb5 Kf8 10. dxc5 Nxc5 11. Nxd6 Rb8 12. Nc3 Ne7 13. f4 Nc8 14. Bxc5 bxc5
15. Nxc8 Rxc8 16. e5 Bxg2 17. Kxg2 Ke7 18. Rf3 Qxd1 19. Rxd1 Rhd8 20. Rfd3 Rxd3
21. Rxd3 Rb8 22. b3 c4 23. Rd2 f6 24. exf6+ Bxf6 25. Ne4 cxb3 26. cxb3 Rb7 27.
Nxf6 Kxf6 28. Kf3 Kf5 29. Rd8 Kf6 30. g4 Rc7 31. Ra8 Rb7 32. g5+ Kf7 33. Rc8
Ke7 34. Ke4 Rd7 35. h4 Kf7 36. Rc5 Ke7 37. a4 Rb7 38. Rb5 Rc7 39. Ke5 Rd7 40.
b4 Kf7 41. Rc5 Ke7 42. b5 Kf7 43. a5 Rb7 44. Kd6 1-0

[Event "DEM U12 2016"]
[Site "Willingen GER"]
[Date "2016.05.21"]
[Round "11"]
[White "Wu, Leon"]
[Black "Pauls, Fynn"]
[Result "1-0"]
[Termination "normal"]
[Board "7"]
[WhiteElo "1743"]
[BlackElo "1726"]
[WhiteClock "00:03:29"]
[BlackClock "00:02:17"]
[PlyCount "81"]
[WhiteFideId "12977438"]
[BlackFideId "16213149"]
[EventCountry "GER"]
[EventRounds "11"]
[EventType "swiss"]
[EventDate "2016.05.14"]

1. e4 d6 2. d4 Nf6 3. Nc3 g6 4. Nf3 Bg7 5. Be2 c6 6. O-O O-O 7. Re1 Nbd7 8. b3
b5 9. Bf1 a6 10. Bb2 c5 11. Nb1 Bb7 12. Nbd2 Qc7 13. Rc1 e5 14. d5 Nb6 15. c4
b4 16. Kh1 Bc8 17. g3 Ng4 18. Kg1 Nh6 19. Bg2 f5 20. Ng5 Qe7 21. f4 exf4 22.
Bxg7 Qxg7 23. gxf4 Ng4 24. Ndf3 h6 25. Ne6 Bxe6 26. dxe6 fxe4 27. Rxe4 Qe7 28.
Qe1 Kh7 29. Nh4 Rg8 30. h3 Nf6 31. Re2 Rae8 32. f5 g5 33. Ng6 Qc7 34. e7 Nbd7
35. Re6 Nh5 36. Rd1 Ng7 37. Rexd6 Nb8 38. Qe5 Rc8 39. Nf8+ Rgxf8 40. exf8=Q
Rxf8 41. Rxh6+ 1-0

[Event "DEM U12 2016"]
[Site "Willingen GER"]
[Date "2016.05.21"]
[Round "11"]
[White "Do, Nam"]
[Black "Hinrichs, Paul"]
[Result "0-1"]
[Termination "normal"]
[Board "8"]
[WhiteElo "1890"]
[BlackElo "1795"]
[WhiteClock "00:01:50"]
[BlackClock "00:46:00"]
[PlyCount "66"]
[WhiteFideId "12998885"]
[BlackFideId "12942545"]
[EventCountry "GER"]
[EventRounds "11"]
[EventType "swiss"]
[EventDate "2016.05.14"]

1. e4 e5 2. Nf3 Nc6 3. Bc4 Bc5 4. c3 Nf6 5. d3 d6 6. Bb3 O-O 7. O-O a6 8. Nbd2
Ba7 9. h3 Be6 10. Bc2 h6 11. Re1 Re8 12. Nf1 d5 13. exd5 Nxd5 14. Ng3 Qe7 15.
Bd2 Rad8 16. Nxe5 Nxe5 17. Rxe5 Bxf2+ 18. Kxf2 Qf6+ 19. Kg1 Qxe5 20. Ne4 Nf6
21. Qf3 Nxe4 22. Bf4 Qc5+ 23. d4 Ng5 24. Qd3 Qb5 25. Qd1 c5 26. Ba4 Qxb2 27.
Bxe8 Rxe8 28. d5 Bxd5 29. Qxd5 Qxa1+ 30. Kh2 Qxc3 31. Qd7 Re2 32. Bxg5 Qe5+ 33.
Kh1 Re1# 0-1

[Event "DEM U12 2016"]
[Site "Willingen GER"]
[Date "2016.05.21"]
[Round "11"]
[White "Yi, Danny"]
[Black "Kosev, Momchil"]
[Result "1/2-1/2"]
[Termination "normal"]
[Board "9"]
[WhiteElo "1863"]
[BlackElo "1778"]
[WhiteClock "00:29:09"]
[BlackClock "00:41:45"]
[PlyCount "46"]
[WhiteFideId "12988588"]
[BlackFideId "12975982"]
[EventCountry "GER"]
[EventRounds "11"]
[EventType "swiss"]
[EventDate "2016.05.14"]

1. e4 c5 2. Nf3 d6 3. Bb5+ Bd7 4. Bxd7+ Nxd7 5. O-O Ngf6 6. Re1 e6 7. c3 c4 8.
d4 cxd3 9. Qxd3 Be7 10. Bf4 Qc7 11. Nbd2 Rc8 12. Nb3 O-O 13. Rad1 Ne5 14. Bxe5
dxe5 15. Qb5 Bd6 16. Na5 b6 17. Nb3 Qc6 18. Qxc6 Rxc6 19. Rd3 Bc7 20. Nbd2 Rc8
21. Kf1 Kf8 22. Ke2 Ke7 23. h3 a6 1/2-1/2

[Event "DEM U12 2016"]
[Site "Willingen GER"]
[Date "2016.05.21"]
[Round "11"]
[White "Weihrauch, Jakob"]
[Black "Lutz, Ruben"]
[Result "1/2-1/2"]
[Termination "normal"]
[Board "10"]
[WhiteElo "1856"]
[BlackElo "1693"]
[PlyCount "74"]
[WhiteFideId "16210115"]
[BlackFideId "12975974"]
[EventCountry "GER"]
[EventRounds "11"]
[EventType "swiss"]
[EventDate "2016.05.14"]

1. e4 e6 2. d4 d5 3. Nc3 Nf6 4. e5 Nfd7 5. f4 c5 6. Nf3 Nc6 7. Be3 Be7 8. Qd2
O-O 9. dxc5 Nxc5 10. O-O-O a6 11. Qf2 b6 12. f5 Kh8 13. f6 gxf6 14. exf6 Bxf6
15. Bxc5 bxc5 16. Qxc5 Bd7 17. Bd3 Ne7 18. Ne2 Ng6 19. h4 Bb5 20. h5 Bxd3 21.
Rxd3 Ne5 22. Nxe5 Bxe5 23. Qe3 Qf6 24. c3 Rac8 25. g4 d4 26. Qf3 dxc3 27. Qxf6+
Bxf6 28. bxc3 Rc4 29. Rg1 Rfc8 30. Kc2 h6 31. Rf3 Be5 32. Rxf7 Bxc3 33. Nxc3
Rxc3+ 34. Kb2 R3c6 35. Rf6 e5 36. Rxc6 Rxc6 37. Re1 Rc5 1/2-1/2

[Event "DEM U12 2016"]
[Site "Willingen GER"]
[Date "2016.05.21"]
[Round "11"]
[White "Colbow, Collin"]
[Black "Hoffmann, Simon"]
[Result "0-1"]
[Termination "normal"]
[Board "11"]
[WhiteElo "1632"]
[BlackElo "1710"]
[PlyCount "170"]
[WhiteFideId "16201132"]
[BlackFideId "12979686"]
[EventCountry "GER"]
[EventRounds "11"]
[EventType "swiss"]
[EventDate "2016.05.14"]

1. e4 c5 2. Nf3 a6 3. c3 d5 4. exd5 Qxd5 5. d4 Nf6 6. dxc5 Qxc5 7. Be3 Qc7 8.
Na3 e6 9. Nc2 Be7 10. Bd3 O-O 11. O-O Rd8 12. Qe2 b5 13. Rad1 Bb7 14. Bg5 Nbd7
15. Ne3 h6 16. Bh4 Bd6 17. Bg3 Bxg3 18. hxg3 Nc5 19. Bc2 Nd5 20. Nxd5 Bxd5 21.
b3 Nd7 22. Rd3 a5 23. Re1 a4 24. Ne5 Nc5 25. Rd4 axb3 26. axb3 Nxb3 27. Bxb3
Bxb3 28. Qxb5 Qxc3 29. Rde4 Ra1 30. Rxa1 Qxa1+ 31. Kh2 Bd5 32. Re3 Qa2 33. Re2
Qb3 34. Qa5 Ra8 35. Qc7 Qb7 36. Qxb7 Bxb7 37. Rb2 Bd5 38. f3 f6 39. Nd3 Kf7 40.
Rc2 g5 41. Nb4 Kg6 42. Nxd5 exd5 43. Rd2 Rd8 44. g4 f5 45. gxf5+ Kxf5 46. Kg3
h5 47. Kf2 d4 48. Ke2 Kf4 49. Kd3 g4 50. fxg4 hxg4 51. Re2 Kg3 52. Ra2 Rf8 53.
Kxd4 Rf2 54. Ra8 Kxg2 55. Ke3 g3 56. Rg8 Rf3+ 57. Ke2 Rf2+ 58. Ke1 Kh2 59. Rh8+
Kg1 60. Rg8 g2 61. Rh8 Rf4 62. Ke2 Re4+ 63. Kf3 Kf1 64. Kxe4 g1=Q 65. Rf8+ Ke2
66. Rf4 Qe3+ 67. Kf5 Qd3+ 68. Ke5 Ke3 69. Rf5 Qd4+ 70. Ke6 Ke4 71. Rf6 Qd5+ 72.
Ke7 Ke5 73. Rf7 Qd6+ 74. Ke8 Qc6+ 75. Ke7 Qc5+ 76. Kd7 Qd4+ 77. Ke7 Qh4+ 78.
Kd7 Qg4+ 79. Ke7 Qg8 80. Rf8 Qe6+ 81. Kd8 Qb6+ 82. Ke7 Qc7+ 83. Ke8 Ke6 84.
Rf6+ Kxf6 85. Kf8 Qf7# 0-1

[Event "DEM U12 2016"]
[Site "Willingen GER"]
[Date "2016.05.21"]
[Round "11"]
[White "Breß, Aaron"]
[Black "Wu, Luka"]
[Result "0-1"]
[Termination "normal"]
[Board "12"]
[WhiteElo "1650"]
[BlackElo "1777"]
[PlyCount "64"]
[WhiteFideId "12996432"]
[BlackFideId "12977420"]
[EventCountry "GER"]
[EventRounds "11"]
[EventType "swiss"]
[EventDate "2016.05.14"]

1. e4 e5 2. Nf3 Nc6 3. Bb5 a6 4. Ba4 Nf6 5. O-O Nxe4 6. d4 b5 7. Bb3 d5 8. dxe5
Be6 9. c3 Be7 10. Nbd2 Nc5 11. Bc2 O-O 12. h3 Qd7 13. Re1 Rad8 14. Nf1 h6 15.
Be3 f6 16. exf6 Rxf6 17. Qe2 Bf5 18. Bxf5 Rxf5 19. Nd4 Rf7 20. Ng3 Bd6 21. Nxc6
Qxc6 22. Nf1 Rdf8 23. Nd2 Qd7 24. Rad1 Qf5 25. Nf3 Ne4 26. Qd3 c6 27. Re2 Bc7
28. a4 Qg6 29. Kf1 Rxf3 30. gxf3 Rxf3 31. Ree1 Rxh3 32. Qd4 Qg4 0-1

[Event "DEM U12 2016"]
[Site "Willingen GER"]
[Date "2016.05.21"]
[Round "11"]
[White "Krastev, Alexander"]
[Black "Haufe, Laurin"]
[Result "1/2-1/2"]
[Termination "normal"]
[Board "13"]
[WhiteElo "1931"]
[BlackElo "1575"]
[PlyCount "83"]
[WhiteFideId "12989983"]
[BlackFideId "12976504"]
[EventCountry "GER"]
[EventRounds "11"]
[EventType "swiss"]
[EventDate "2016.05.14"]

1. e4 c5 2. Nc3 Nc6 3. Nf3 Nd4 4. Nxd4 cxd4 5. Ne2 e5 6. g3 Nf6 7. Bg2 Be7 8.
O-O d6 9. d3 Be6 10. f4 Qb6 11. h3 h5 12. Kh1 Rc8 13. c3 Bg4 14. cxd4 Bxe2 15.
Qxe2 Qxd4 16. Be3 Qa4 17. b3 Qa6 18. Rac1 O-O 19. f5 b6 20. g4 hxg4 21. hxg4
Nh7 22. Qd2 Rxc1 23. Rxc1 Rc8 24. Bf1 Rxc1 25. Qxc1 Qxa2 26. Qc7 Bf8 27. g5
Qxb3 28. g6 fxg6 29. fxg6 Nf6 30. Qxa7 b5 31. Bg5 Qe6 32. Bxf6 Qxf6 33. Qa2+ d5
34. Qxd5+ Kh8 35. Bh3 Qf3+ 36. Bg2 Qd1+ 37. Kh2 Qh5+ 38. Kg1 Qd1+ 39. Bf1 Qg4+
40. Kf2 Qh4+ 41. Ke2 Qg4+ 42. Kf2 1/2-1/2

[Event "DEM U12 2016"]
[Site "Willingen GER"]
[Date "2016.05.21"]
[Round "11"]
[White "Grund, Sebastian"]
[Black "Li, Simon"]
[Result "1/2-1/2"]
[Termination "normal"]
[Board "14"]
[WhiteElo "1773"]
[BlackElo "1960"]
[PlyCount "62"]
[WhiteFideId "12988626"]
[BlackFideId "12972134"]
[EventCountry "GER"]
[EventRounds "11"]
[EventType "swiss"]
[EventDate "2016.05.14"]

1. d4 Nf6 2. Nf3 c5 3. g3 g6 4. Bg2 Bg7 5. c4 O-O 6. O-O cxd4 7. Nxd4 Nc6 8.
Nc3 Nxd4 9. Qxd4 d6 10. Qd2 Rb8 11. Rd1 b6 12. b3 Bb7 13. Bb2 Bxg2 14. Kxg2 Qc7
15. e4 Qb7 16. Re1 a6 17. Nd5 Ng4 18. Bxg7 Kxg7 19. Qg5 Nf6 20. Rad1 Nxd5 21.
exd5 e5 22. Qe3 Rbc8 23. Rc1 b5 24. Red1 bxc4 25. bxc4 Rc5 26. Qa3 Rfc8 27. Rd3
a5 28. Rb3 Qa6 29. Rb5 Qa8 30. Rcb1 Qa6 31. Rc1 Qa8 1/2-1/2

[Event "DEM U12 2016"]
[Site "Willingen GER"]
[Date "2016.05.21"]
[Round "11"]
[White "Musiolik, David"]
[Black "Hassemeier, Mika"]
[Result "1-0"]
[Termination "normal"]
[Board "15"]
[WhiteElo "1643"]
[BlackElo "1769"]
[PlyCount "105"]
[WhiteFideId "12972355"]
[BlackFideId "12994880"]
[EventCountry "GER"]
[EventRounds "11"]
[EventType "swiss"]
[EventDate "2016.05.14"]

1. e4 c5 2. Nf3 e6 3. d4 cxd4 4. Nxd4 Nf6 5. Nc3 d6 6. Be2 a6 7. Be3 Qc7 8. a4
b6 9. O-O Bb7 10. f3 Be7 11. Qd2 O-O 12. Rfd1 Nbd7 13. Qe1 d5 14. exd5 Nxd5 15.
Nxd5 Bxd5 16. c4 Bb7 17. a5 Rfd8 18. axb6 Nxb6 19. Qa5 Qc5 20. Nf5 Qxf5 21.
Qxf5 exf5 22. Bxb6 Rxd1+ 23. Rxd1 Bc6 24. c5 g6 25. b4 Kg7 26. Ra1 Bb7 27. b5
axb5 28. Rxa8 Bxa8 29. Bxb5 Bb7 30. Bd7 Bf6 31. c6 Bxc6 32. Bxc6 Be5 33. h3 Bf6
34. Kf2 Bh4+ 35. g3 Bf6 36. Ke3 Bg5+ 37. Kd3 Bf6 38. Bd4 Bxd4 39. Kxd4 Kf6 40.
f4 h6 41. h4 g5 42. h5 gxf4 43. gxf4 Ke6 44. Bd5+ Kf6 45. Bc4 Kg7 46. Ke5 f6+
47. Kxf5 Kh7 48. Kxf6 Kh8 49. f5 Kh7 50. Ke7 Kg7 51. f6+ Kh8 52. f7 Kh7 53.
Bd3+ 1-0